000 00908nam a22002297a 4500
999 _c19075
_d19075
005 20251125232913.0
008 s2546 th tha d
020 _a9749095170
040 _aNALT
041 _atha
100 0 _aตระลาการ
245 1 0 _aกฎหมายอย่างนี้..ก็มีในโลก
260 3 _aกรุงเทพฯ :
_bเปลือกไม้,
_c2546
300 _a173 หน้า :
_b ภาพประกอบ ;
_c 21 ซม.
650 0 4 _aกฎหมาย -- สหรัฐอเมริกา -- รวมเรื่อง
650 0 4 _aกฎหมาย -- ความรู้ทั่วไป
850 _aNALT
856 4 0 _uhttps://hdl.handle.net/20.500.14156/302630
_71
942 _cLB
_2lcc
998 _j25
_k นีลวัสน์ อินทรักษา
090 _aKC51.U6 ต147ก 2546